00923nam a22002057a 45000010005000000030006000050050017000110080041000280200018000690400029000870820010001161000011001262450044001372600038001813000047002195200301002669420015005679990015005829520120005978851FISKH20251023105957.0251023b cb ||||| |||| 00| 0 eng d a9788184513714 aFISKHbengcFISKHdFISKH a428.6 aShilpa a2nd activity book : bDreamland kid's / aNew Delhi : bDreamland, c2010.  a64 pages : bcolor illustrations ; c28 cm aThe 2nd Activity Book in the Let’s Learn series continues to build children’s early English and thinking skills through playful exercises. It reinforces knowledge of the alphabet, phonics, numbers, colors, animals, and everyday vocabulary using familiar cartoon characters and bright visuals. 2ddccBKn0 c8851d8851 00102ddc40708REFa001b001cLSHTKd2025-10-23l0oSHI 428.6 p2025-4714r2025-10-23 10:59:55t1w2025-10-23yBK